000 00288nam a22001337a 4500
008 170623b xxu||||| |||| 00| 0 eng d
020 _a9781601561411
041 _aeng
080 _a34
100 _a15
101 _aSHJ
245 _aMODERN TRIAL ADVOCACY
_cLUBET.S
942 _2udc
_cBK
999 _c19010
_d19010